Normal view
MARC view
Entry Nombre personal
001 - NÚMERO DE CONTROL
- campo de control: 171413
003 - IDENTIFICADOR DE NÚMERO DE CONTROL
- campo de control: OSt
005 - FECHA Y HORA DE LA ÚLTIMA TRANSACCIÓN
- campo de control: 20230222193257.0
008 - ELEMENTOS DE DATO DE LONGITUD-FIJA
- campo de control de longitud fija: 210423 n adnnnaa|n a aaa d
040 ## - FUENTE DE CATALOGACIÓN
- Centro catalogador/agencia de origen: OSt
- Centro/agencia transcriptor: OSt
100 0# - ENCABEZAMIENTO-NOMBRE DE PERSONA
- Nombre de persona: Ibn Idari al-Marrakusi
400 0# - TRAZADO DE VÉASE--NOMBRE DE PERSONA
- Nombre de persona: Aben Adhari
400 0# - TRAZADO DE VÉASE--NOMBRE DE PERSONA
- Nombre de persona: Ibn-'Idari 'l-Marrakusi, Ahmad Ibn-Muhammad
